00482nam a2200181Ia 4500003000900000008004100009020001800050040001600068080001600084100001900100245007500119260003900194300001000233650002100243650001000264650001300274650001300287IN-BaIIA211028s9999 xx 000 0 eng d a0-486-24021-5 cIIA Library a530.12bBON aBondi, Hermann 0aRelativity and common senseba new approach to EinsteincHermann Bondi aNew YorkbDover Publicationsc1980 a177p. aConcept of force aLight aMomentum aRotation